BLACKPINK - Paroles PINK VENOM - Statistiques

Statistiques générales
  • Ce quiz a été pris 98 fois
  • Le résultat moyen est 220 sur 336
Statistiques - réponses
Hint Réponse % Correct
whoa
100%
pink
94%
Couplet 2 Black
93%
I
93%
(I
93%
a
88%
ah
88%
that
88%
in
85%
do
84%
(oh)
84%
the
82%
venom,
82%
venom
82%
Refrain This
81%
this
81%
BLACKPINK
79%
(BLACKPINK)
79%
Intro BLACKPINK
79%
door,
79%
ya
79%
ya,
79%
Couplet 1 Kick
78%
coco'
76%
like
76%
like)
76%
like
76%
you
76%
two
75%
and
72%
And
72%
by
72%
get
70%
(get
70%
to
70%
on
67%
talk
67%
talk,
67%
me
66%
One
66%
one
66%
Taste
66%
taste
66%
pain
61%
fire
60%
no
58%
Straight
58%
straight
58%
bring
57%
dollar
57%
'em,
57%
'em)
57%
waving
57%
CELINE
55%
us
55%
what
55%
dance
54%
I'm
54%
of
54%
out
54%
please,
54%
slow
54%
rock
52%
roll
51%
Pré-refrain look
49%
made
49%
walk
49%
be
48%
so
46%
then
46%
up
46%
up,
46%
it
45%
it,
45%
sense,
45%
dome
43%
know
43%
Makes
43%
runways
43%
stop,
43%
drop
42%
got
42%
Rambo
42%
bodies
40%
couldn't
40%
Designer
40%
peace,
40%
sky
40%
still
40%
we
40%
Diamonds
37%
provoke
37%
candle
36%
chance
36%
Come
36%
paint
36%
Rest
36%
wouldn't
36%
ocean
34%
shining,
34%
don't
33%
life
33%
pilot
33%
potion
33%
'Cause
31%
give
31%
light
31%
drive
30%
masked
30%
silence,
30%
them
30%
crimes,
28%
vandal,
28%
with
28%
ammo',
27%
or
27%
pop
27%
pop,
27%
all
25%
side
25%
there's
25%
mind
24%
private
24%
riding
24%
smoke
24%
Flying
21%
shot
18%
styling
18%
wyling,
7%
Aucun quiz correspondant
Distribution des résultats
% des personnes avec chaque résultat
Percentile par nombre de réponses
Votre historique - résultats
Vous n’avez pas pris ce quiz